Pöstyén Vág hid
Zobrazenie: Pohľad na nový most cez rieku Váh. Sprava od mosta sú drevené podpery. Vľavo hore na zábere sú husté listnaté stromy. Vpravo v pozadí za mostom na druhom brehu rieky vidno poschodovú budovu. V spodnej časti po celej šírke pohľadnice sa nachádza biely rámček na správu
| Format: | Postcard |
|---|---|
| Language: | Hungarian German |
| PhysicalDescription: | 1 pohľadnica čiernobiela 9 x 14 cm |
| Published: |
Pistyan
L. Bernas
[1908?]
|
| Subjects: |
MARC
| LEADER | 00000ckm a2200000 a 4500 | ||
|---|---|---|---|
| 001 | vtls011571586 | ||
| 003 | SK-MaSNL | ||
| 005 | 20260512125137.0 | ||
| 007 | kp bo | ||
| 008 | 230706q1908 xo g kuhun | ||
| 015 | |a SNBG1908 | ||
| 035 | |a urn:nbn:sk:snk-km00dyyf | ||
| 035 | |a urn:nbn:sk:snk-km3lnsh | ||
| 035 | |a A5D32D7F-373D-464D-96A9-6AF137E1D995 | ||
| 040 | |a SNK |b slo |c SNK |e AACR2 | ||
| 041 | 0 | |a hun |a ger | |
| 043 | |a e-xo--- | ||
| 044 | |a xo |c SK | ||
| 072 | 7 | |a 913 |x Regionálna geografia |2 konspekt | |
| 080 | |a 913(437.6) |2 2011 | ||
| 080 | |a 624.21-035.3 |2 2011 | ||
| 080 | |a 94(084.121) |2 2011 | ||
| 245 | 0 | 0 | |a Pöstyén |h grafika |b Vág hid |
| 246 | 3 | 1 | |a Pistyan |b die Waag - Brücke |
| 260 | |a Pistyan |b L. Bernas |c [1908?] | ||
| 300 | |a 1 pohľadnica |b čiernobiela |c 9 x 14 cm | ||
| 500 | |a Názvové údaje prevzaté z obrazovej časti pohľadnice | ||
| 520 | 8 | |a Zobrazenie: Pohľad na nový most cez rieku Váh. Sprava od mosta sú drevené podpery. Vľavo hore na zábere sú husté listnaté stromy. Vpravo v pozadí za mostom na druhom brehu rieky vidno poschodovú budovu. V spodnej časti po celej šírke pohľadnice sa nachádza biely rámček na správu | |
| 546 | |a Súbežný názov a podnázov v nem. | ||
| 650 | 0 | 7 | |a drevené mosty |2 SNKPH |9 115470 |
| 651 | 7 | |a Váh (Slovensko : rieka) |2 SNKPHgeo |9 59387 | |
| 651 | 7 | |a Piešťany (Slovensko) |2 SNKPHgeo |9 23981 | |
| 655 | 7 | |a miestne pohľadnice |2 SNKPH |9 70510 | |
| 655 | 7 | |a historické pohľadnice |2 SNKPH |9 159703 | |
| 752 | |a Slovensko |d Piešťany | ||
| 852 | |a Slovenská národná knižnica | ||
| 958 | |a GBN | ||
| 958 | |a ONDV | ||
| 958 | |a GC | ||
| 999 | |c 1018266 |d 1020196 | ||
| 952 | |a SNK |b SNK |y PREZ |7 0 |p 17A1208747 |o snkSP 21844 |z Pohľadnica prešla poštou. |0 0 |1 0 |4 0 |d 2016-08-05 |f 1 |l 0 |r 2026-02-24 13:15:24 |w 2026-02-24 | ||


